000 00671cab a2200229 4500
001 WB3346-01
008 090401t1997 xxu||||| |||| 00| 0 eng d
035 _a(Sirsi) u82385
041 _aeng
245 _aLess new work than forecasted
260 _c1997
350 _a0
490 _aContract Journal
_v391(6153) 26 November 1997, 5(1)
520 _aConstruction Forecasting and Research expects that new work output will be less than forecast for 1998.
650 _aCONSTRUCTION FORECASTING AND RESEARCH
650 _aCONSTRUCTION MARKET
650 _aFORECAST
650 _aOUTPUT
690 _aBUILT ENVIRONMENT
942 _n0
948 _c27/11/1997
999 _c52005
_d52005